Les villes les plus peuplées au monde commençant par I/J - Statistiques

Statistiques générales
  • Ce quiz a été pris 81 fois
  • Le résultat moyen est 5 sur 10
Statistiques - réponses
Pays Population Lettres Villes % Correct
Turquie 16 200 000 I Istanbul
99%
Indonesie 32 100 000 J Jakarta
97%
Afrique du Sud 14 200 000 J Johannesbourg
92%
Turquie 3 050 000 I Izmir
56%
Inde 4 050 000 J Jaipur
52%
Iran 3 250 000 I Ispahan
42%
Nigéria 3 675 000 I Ibadan
32%
Inde 3 275 000 I Indore
14%
Chine 4 600 000 J Jinan
12%
Chine 2 525 000 J Jiangyin
0%
Aucun quiz correspondant
Distribution des résultats
% des personnes avec chaque résultat
Percentile par nombre de réponses
Votre historique - résultats
Vous n’avez pas pris ce quiz